Statistiques concernant Villes françaises commençant par L

Cliquez ici pour prendre le quiz!

Statistiques générales

  • Ce quiz a été pris 614 fois
  • Le résultat moyen est 5 sur 12

Statistiques - réponses

popville% Correct
507 000Lyon
96%
234 000Lille
93%
135 000Limoges
65%
58 000Lorient
63%
173 000Le Havre
56%
144 000Le Mans
50%
75 000La Rochelle
47%
65 000Levallois-Perret
20%
77 000Le Tampon
14%
65 000La Seyne-sur-Mer
10%
54 000Le Blanc-Mesnil
9%
56 000Les Abymes
9%

Distribution des résultats

Percentile par nombre de réponses

% des personnes avec chaque résultat

Votre développement - résultats

Vous n’avez pas pris ce quiz